<?xml version="1.0" encoding="UTF-8"?>
<record
    xmlns:xsi="http://www.w3.org/2001/XMLSchema-instance"
    xsi:schemaLocation="http://www.loc.gov/MARC21/slim http://www.loc.gov/standards/marcxml/schema/MARC21slim.xsd"
    xmlns="http://www.loc.gov/MARC21/slim">

  <leader>02880nam a2200361 a 4500</leader>
  <controlfield tag="001">ebr10312434</controlfield>
  <controlfield tag="003">CaPaEBR</controlfield>
  <controlfield tag="006">m        u        </controlfield>
  <controlfield tag="007">cr cn|||||||||</controlfield>
  <controlfield tag="008">070110s2007    nju     sb    001 0 eng  </controlfield>
  <datafield tag="010" ind1=" " ind2=" ">
    <subfield code="z">  2007001212</subfield>
  </datafield>
  <datafield tag="020" ind1=" " ind2=" ">
    <subfield code="z">9780691125718 (hardcover : alk. paper)</subfield>
  </datafield>
  <datafield tag="020" ind1=" " ind2=" ">
    <subfield code="z">0691125716 (hardcover : alk. paper)</subfield>
  </datafield>
  <datafield tag="040" ind1=" " ind2=" ">
    <subfield code="a">CaPaEBR</subfield>
    <subfield code="c">CaPaEBR</subfield>
  </datafield>
  <datafield tag="035" ind1=" " ind2=" ">
    <subfield code="a">(OCoLC)438753891</subfield>
  </datafield>
  <datafield tag="041" ind1="1" ind2=" ">
    <subfield code="a">eng</subfield>
    <subfield code="h">heb</subfield>
  </datafield>
  <datafield tag="050" ind1="1" ind2="4">
    <subfield code="a">BM526</subfield>
    <subfield code="b">.H34513 2007eb</subfield>
  </datafield>
  <datafield tag="082" ind1="0" ind2="4">
    <subfield code="a">296.7/12</subfield>
    <subfield code="2">22</subfield>
  </datafield>
  <datafield tag="100" ind1="1" ind2=" ">
    <subfield code="a">Halbertal, Moshe.</subfield>
  </datafield>
  <datafield tag="240" ind1="1" ind2="0">
    <subfield code="a">Seter &#xFFFD;ve-gilui.</subfield>
    <subfield code="l">English</subfield>
  </datafield>
  <datafield tag="245" ind1="1" ind2="0">
    <subfield code="a">Concealment and revelation</subfield>
    <subfield code="h">[electronic resource] :</subfield>
    <subfield code="b">esotericism in Jewish thought and its philosophical implications /</subfield>
    <subfield code="c">Moshe Halbertal ; translated by Jackie Feldman.</subfield>
  </datafield>
  <datafield tag="260" ind1=" " ind2=" ">
    <subfield code="a">Princeton, N. J. :</subfield>
    <subfield code="b">Princeton University Press,</subfield>
    <subfield code="c">c2007.</subfield>
  </datafield>
  <datafield tag="300" ind1=" " ind2=" ">
    <subfield code="a">viii, 200 p.</subfield>
  </datafield>
  <datafield tag="504" ind1=" " ind2=" ">
    <subfield code="a">Includes bibliographical references and index.</subfield>
  </datafield>
  <datafield tag="505" ind1="0" ind2=" ">
    <subfield code="a">The paradox of esotericism : "and not on the chariot alone" -- The hidden and the sublime : vision and restriction in the Bible and in the Talmudic literature -- The ethics of vision : the attitude of early Jewish mysticism towards gazing at the chariot -- Concealment and power : magic and esotericism in the hekhalot literature -- Esotericism and commentary : Ibn Ezra and the exegetical layer -- Concealment and heresy : astrology and the secret of the Torah -- Double language and the divided public in the guide of the perplexed -- The breaching of the limits of the esoteric : concealment and disclosure in Maimonidean esotericism -- From transmission to writing : hinting, leaking and orthodoxy in early Kabbalah -- Open knowledge and closed knowledge : the Kabbalists of Gerona Rabbi Azriel and Rabbi Yaakov Bar Sheshet -- Tradition, closed knowledge and the esoteric : secrecy and hinting in Nahmanides' Kabbalah -- From tradition to literature : Shem Tov Ibn Gaon and the critique of Kabbalistic literature -- "The widening of the apertures of the showpiece" : Shmuel Ibn Tibon and the end of the era of esotericism -- Esotericism, sermons and curricula : Ya'akov Anatoli and the dissemination of the secret -- The ambivalence of secrecy : the dispute over philosophy in the early 14th century -- Esotericism, discontent and co-existence -- Taxonomy and paradoxes of esotericism : conceptual conclusion.</subfield>
  </datafield>
  <datafield tag="533" ind1=" " ind2=" ">
    <subfield code="a">Electronic reproduction.</subfield>
    <subfield code="b">Palo Alto, Calif. :</subfield>
    <subfield code="c">ebrary,</subfield>
    <subfield code="d">2013.</subfield>
    <subfield code="n">Available via World Wide Web.</subfield>
    <subfield code="n">Access may be limited to ebrary affiliated libraries.</subfield>
  </datafield>
  <datafield tag="650" ind1=" " ind2="0">
    <subfield code="a">Mysticism</subfield>
    <subfield code="x">Judaism.</subfield>
  </datafield>
  <datafield tag="650" ind1=" " ind2="0">
    <subfield code="a">Cabala</subfield>
    <subfield code="x">History.</subfield>
  </datafield>
  <datafield tag="650" ind1=" " ind2="0">
    <subfield code="a">Judaism</subfield>
    <subfield code="x">History</subfield>
    <subfield code="y">Medieval and early modern period, 425-1789.</subfield>
  </datafield>
  <datafield tag="655" ind1=" " ind2="7">
    <subfield code="a">Electronic books.</subfield>
    <subfield code="2">local</subfield>
  </datafield>
  <datafield tag="710" ind1="2" ind2=" ">
    <subfield code="a">ebrary, Inc.</subfield>
  </datafield>
  <datafield tag="856" ind1="4" ind2="0">
    <subfield code="u">http://site.ebrary.com/lib/rucke/Doc?id=10312434</subfield>
    <subfield code="z">An electronic book accessible through the World Wide Web; click to view</subfield>
  </datafield>
  <datafield tag="999" ind1=" " ind2=" ">
    <subfield code="c">63225</subfield>
    <subfield code="d">63225</subfield>
  </datafield>
</record>
